000 00575nam a2200169 a 4500
001 000035399
005 20200930074319.0
008 111031s1986 fr a 000 0 spa d
020 _a9231023977
040 _aDO-SdBNP
_bspa
_cBNPHU
082 _aXXXX
100 1 _aHamadache, Ali
_961225
245 1 0 _aTheory and practice of literacy work :
_bpolicies, strategies and example /
_cAli Hamadache, Daniel Martin.
260 _aParis :
_bUnesco/Code,
_c1986.
300 _a232 p. :
_bil. ;
_c22 cm.
590 _aPerteneció a la biblioteca personal de Juan Isidro Jimenes Grullón.
999 _c34890
_d34890